| 000 | 00634nam a2200229 a 4500 | ||
|---|---|---|---|
| 001 | 3096 | ||
| 003 | CDMR | ||
| 005 | 20131105120442.0 | ||
| 008 | 130130s1973||||||||||||||||||||||||||||d | ||
| 020 | _a8425029388 | ||
| 040 |
_aCDMR _bcat _cCDMR |
||
| 100 | 1 |
_aAcosta Montoro, José _92258 |
|
| 245 | 1 | 0 |
_aPeriodismo y Literatura _cJosé Acosta Montoro |
| 260 |
_aMadrid _c1973 _bGuadarrama |
||
| 300 | _a2 v. | ||
| 490 | 0 |
_aPunto Omega _v159-160 |
|
| 490 | 0 | _aColección Universitaria de Bolsillo | |
| 650 | 0 | 4 |
_93088 _aPeriodisme i literatura |
| 650 | 0 | 4 |
_92512 _aPeriodisme _xHistòria |
| 650 | 0 | 4 |
_93533 _aEscriptors |
| 942 |
_cMON _2udc |
||
| 999 |
_c3096 _d3096 |
||